LEADER 00954nam0-2200301 --450 001 9910317455603321 005 20190503143154.0 010 $a978-88-8057-775-1 100 $a20190503d2018----kmuy0itay5050 ba 101 1 $aita$cfre 102 $aIT 105 $ay 001yy 200 1 $a<>ebrei del mondo arabo$el'argomento proibito$fGeorges Bensoussan$gtraduzione di Vanna Lucattini Vogelmann 210 $aFirenze$cGiuntina$d2018 215 $a171 p.$d20 cm 225 1 $aCollana Schulim Vogelmann$v214 454 0$12001$a<>Juifs du monde arabe$91550782 610 0 $aEbrei$aPaesi islamici$aStoria 676 $a956.94$v21$zita 700 1$aBensoussan,$bGeorges$0253623 702 1$aLucattini Vogelmann,$bVanna 801 0$aIT$bUNINA$gREICAT$2UNIMARC 901 $aBK 912 $a9910317455603321 952 $aCollez. 2123 (214)$b268/2019$fFSPBC 959 $aFSPBC 996 $aJuifs du monde arabe$91550782 997 $aUNINA